[Event "Offene Hessische Senioren Einzelmeisters"]
[Site "Bad Sooden- Allendorf"]
[Date "2013.04.28"]
[Round "9.93"]
[White "Grüneschild, Hildegard"]
[Black "Baier, Peter"]
[Result "1/2-1/2"]
[WhiteElo "1274"]
[BlackElo "1479"]
[Annotator ",Microsoft"]
[PlyCount "94"]
[EventDate "2013.??.??"]
[WhiteTeam "Schach-Union München e.V."]
[BlackTeam "TTC Blau-Weiß Geldern Veert e.V."]

1. c4 c5 2. Nc3 Nf6 3. g3 Nc6 4. Bg2 e6 5. e3 Be7 6. Nf3 h6 7. d4 cxd4 8. exd4
d5 9. b3 O-O 10. O-O a6 11. Re1 Re8 12. c5 b6 13. cxb6 Qxb6 14. Na4 Qa7 15. Bb2
Bd7 16. Rc1 Rac8 17. Ne5 Nb4 18. Nxd7 Qxd7 19. Rxc8 Qxc8 20. a3 Nc6 21. Re2 Qb7
22. Qd3 Rc8 23. b4 Qb5 24. Qxb5 axb5 25. Nc3 Nxd4 26. Rd2 Nf5 27. Nxb5 Nd6 28.
Nxd6 Bxd6 29. Bxf6 gxf6 30. Kf1 Rc3 31. Ra2 Kf8 32. Ke2 Ke7 33. Kd2 Be5 34. a4
Rc7 35. b5 Bc3+ 36. Ke2 Ba5 37. f4 Kd6 38. Bh3 e5 39. fxe5+ fxe5 40. Bf5 f6 41.
h4 Rc3 42. g4 Kc5 43. h5 d4 44. Rc2 $11 Kc4 45. Rxc3+ Kxc3 46. Bd3 Kb3 47. Kf3
Kc3 1/2-1/2

[Event "Offene Hessische Senioren Einzelmeisters"]
[Site "Bad Sooden- Allendorf"]
[Date "2013.04.28"]
[Round "9.94"]
[White "Wernitz, Armin"]
[Black "Jobski, Werner"]
[Result "1-0"]
[WhiteElo "1235"]
[BlackElo "1416"]
[PlyCount "56"]
[EventDate "2013.??.??"]
[WhiteTeam "PostSV Brandenburg e.V."]
[BlackTeam "SF Schwerte 1951"]

1. d4 Nf6 2. Nf3 d6 3. h3 Nc6 4. Bf4 Nd5 5. Bh2 g6 6. c4 Nf6 7. Nc3 Bg7 8. e3
O-O 9. Be2 Re8 10. O-O e5 11. d5 Ne7 12. e4 Nd7 13. g4 Nf8 14. Bg3 f5 15. exf5
gxf5 16. g5 f4 17. Bh2 Bxh3 18. Re1 Neg6 19. Ne4 Qd7 20. Kh1 Bf5 21. Bd3 Bxe4
22. Bxe4 Qf7 23. Rc1 h6 24. Rg1 h5 25. Qd3 Ne7 26. Nh4 Nfg6 27. Nxg6 Nxg6 28.
Bxg6 Qf8 1-0

[Event "Offene Hessische Senioren Einzelmeisters"]
[Site "Bad Sooden- Allendorf"]
[Date "2013.04.28"]
[Round "9.95"]
[White "Bartl, Birgit"]
[Black "Girod, Gudrun"]
[Result "1/2-1/2"]
[WhiteElo "1153"]
[BlackElo "1349"]
[Annotator ",Microsoft"]
[PlyCount "28"]
[EventDate "2013.??.??"]
[WhiteTeam "USV Erfurt Abteilung Schach"]
[BlackTeam "Hannover 96 Schach"]

1. d4 d5 2. Nf3 e6 3. e3 Nf6 4. c3 Be7 5. Bd3 O-O 6. Nbd2 Nbd7 7. e4 dxe4 8.
Nxe4 Nxe4 9. Bxe4 Nf6 10. Bd3 h6 11. O-O b6 12. h3 Bb7 13. Nh2 c5 14. Be3 Bd6 {
Rest nicht zu rekonstruieren} 1/2-1/2

[Event "Offene Hessische Senioren Einzelmeisters"]
[Site "Bad Sooden- Allendorf"]
[Date "2013.04.28"]
[Round "9.97"]
[White "Helm, Irmgard"]
[Black "Nols, Uwe"]
[Result "1/2-1/2"]
[WhiteElo "1340"]
[BlackElo "1171"]
[PlyCount "76"]
[EventDate "2013.??.??"]
[WhiteTeam "TSG Oberschöneweide e.V."]
[BlackTeam "Itzehoer SV von 1923"]

1. d4 d5 2. Nf3 Nf6 3. Bf4 c5 4. dxc5 Qa5+ 5. Nc3 Ne4 6. Qd3 Nc6 7. O-O-O Nxf2
8. Qb5 e6 9. Qxa5 Nxa5 10. Nb5 Bxc5 11. Nc7+ Kf8 12. Nxa8 Nxh1 13. e4 Nf2 14.
Re1 Nxe4 15. Bb5 a6 16. Ba4 b5 17. Bb3 Bb7 18. Nc7 Ke7 19. Ng5 Nxb3+ 20. axb3
Nxg5 21. Bxg5+ Kd6 22. Bf4+ Kc6 23. Nxe6 fxe6 24. Rxe6+ Kd7 25. Re2 Re8 26. Kd1
d4 27. Rd2 Kc8 28. c3 dxc3 29. bxc3 b4 30. cxb4 Bxb4 31. Rc2+ Kd7 32. Rc7+ Ke6
33. Rxb7 Rd8+ 34. Kc2 a5 35. Rb6+ Kf5 36. g3 h6 37. Rb5+ Kg4 38. h4 Rd7 1/2-1/2

[Event "Offene Hessische Senioren Einzelmeisters"]
[Site "Bad Sooden- Allendorf"]
[Date "2013.04.28"]
[Round "9.98"]
[White "Rollwitz, Inge"]
[Black "Geibel, Henning"]
[Result "1/2-1/2"]
[WhiteElo "1231"]
[BlackElo "1237"]
[PlyCount "140"]
[EventDate "2013.??.??"]
[WhiteTeam "SG Wedding e.V."]
[BlackTeam "SV Bargteheide"]

1. d4 d5 2. g3 Bf5 3. Bg2 c6 4. Nd2 e6 5. e4 dxe4 6. Nxe4 Be7 7. Ne2 Nf6 8.
Nxf6+ Bxf6 9. c3 O-O 10. O-O Nd7 11. Re1 Nb6 12. b3 Bg5 13. f4 Be7 14. Bb2 a5
15. a4 Nd5 16. Nc1 Nf6 17. Nd3 Bg4 18. Qd2 Qb6 19. Qc2 Bf5 20. Re3 Ng4 21. Re2
Bxd3 22. Qxd3 Qxb3 23. h3 Nf6 24. Qc2 Qb6 25. Rae1 c5 26. Kf1 cxd4 27. cxd4
Rac8 28. Qd3 Bb4 29. Rc1 Rxc1+ 30. Bxc1 Rd8 31. Bb2 Bc5 32. Qb5 Qxb5 33. axb5
Bxd4 34. Bxd4 Rxd4 35. Bxb7 Nh5 36. Kf2 Rb4 37. Bc6 a4 38. Rd2 g6 39. Ra2 Ng7
40. Rd2 Nf5 41. Rd3 Nd4 42. Rc3 Nxb5 43. Rd3 Rb2+ 44. Ke3 Rb3 45. Rxb3 axb3 46.
Bxb5 b2 47. Bd3 f5 48. Kd2 Kf7 49. Kc2 Kf6 50. h4 e5 51. fxe5+ Kxe5 52. Kxb2 h5
53. Kc3 Kf6 54. Kd4 g5 55. Ke3 gxh4 56. gxh4 Ke5 57. Kf3 f4 58. Bg6 Kf6 59.
Bxh5 Kf5 60. Bg4+ Kf6 61. Kxf4 Kg6 62. Ke5 Kh6 63. Kf5 Kh7 64. Kg5 Kg7 65. h5
Kh7 66. Bf5+ Kg7 67. h6+ Kg8 68. Kg6 Kh8 69. Kg5 Kg8 70. Kf6 Kh8 1/2-1/2

[Event "Offene Hessische Senioren Einzelmeisters"]
[Site "Bad Sooden- Allendorf"]
[Date "2013.04.28"]
[Round "9.100"]
[White "Stuiber, Ingeborg"]
[Black "Neumann, Dr. Peter"]
[Result "0-1"]
[WhiteElo "977"]
[BlackElo "1478"]
[PlyCount "68"]
[EventDate "2013.??.??"]
[WhiteTeam "SK Turm Euskirchen 65"]
[BlackTeam "SF Ostsee Warnemünde"]

1. d4 Nf6 2. c4 g6 3. Nc3 Bg7 4. Nf3 d6 5. e4 Nbd7 6. Be2 O-O 7. O-O e5 8. d5
Nc5 9. Bg5 h6 10. Bxf6 Qxf6 11. Qd2 a5 12. Rab1 Qe7 13. b3 f5 14. Qc2 fxe4 15.
Nd2 Bf5 16. Ndxe4 Nxe4 17. Nxe4 h5 18. Bd3 Bh6 19. Ng3 Bxd3 20. Qxd3 Kg7 21.
Rbe1 Qd7 22. Qe4 Rf4 23. Qd3 Raf8 24. Re4 R4f6 25. f3 b6 26. Rf2 Qf7 27. Qe2 g5
28. f4 g4 29. f5 Bf4 30. Qd3 Bxg3 31. Qxg3 Rxf5 32. Ree2 Qg6 33. Rxf5 Qxf5 34.
Rf2 Qb1+ 0-1